Economic dynamics in transitional economies <the> four-P governments, the EU enlargement, and the Bruxelles consensus
Salvato in:
| Autore principale: | |
|---|---|
| Natura: | Libro |
| Lingua: | inglese |
| Pubblicazione: |
New York
International Business Press
2003
|
| Edizione: | <an> imprint of The Haworth Press, Inc. |
| Soggetti: | |
| Tags: |
Nessun Tag, puoi essere il primo ad aggiungerne!!
|
MARC
| LEADER | 00000nam$a2200000$$$4500 | ||
|---|---|---|---|
| 001 | 0006167 | ||
| 005 | 20240306135154.9 | ||
| 020 | |a 0-7890-1637-0 | ||
| 041 | 0 | |a eng | |
| 044 | |a US | ||
| 245 | 1 | 0 | |a Economic dynamics in transitional economies |b <the> four-P governments, the EU enlargement, and the Bruxelles consensus |c Bruno S. Sergi |
| 250 | |a <an> imprint of The Haworth Press, Inc. | ||
| 264 | 1 | |a New York |b International Business Press |c 2003 | |
| 300 | |a 234 s. | ||
| 610 | 2 | 0 | |a dynamika ekonomiky |
| 610 | 2 | 0 | |a transformácia |
| 610 | 2 | 0 | |a hospodárstvo trhové |
| 610 | 2 | 0 | |a politika hospodárska |
| 610 | 2 | 0 | |a regióny |
| 610 | 2 | 0 | |a makroekonomika |
| 610 | 2 | 0 | |a porovnanie medzinárodné |
| 610 | 2 | 0 | |a analýzy |
| 610 | 2 | 0 | |a integrácia ekonomická medzinárodná |
| 610 | 2 | 0 | |a obdobie prechodné |
| 610 | 2 | 0 | |a reformy hospodárske |
| 610 | 2 | 0 | |a ekonómia politická |
| 610 | 2 | 0 | |a dohody medzinárodné |
| 610 | 2 | 0 | |a Európa |
| 610 | 2 | 0 | |a Európska únia |
| 610 | 2 | 0 | |a SVE |
| 610 | 2 | 0 | |a Keynes, J.M. |
| 610 | 2 | 0 | |a Schumpeter |
| 100 | 1 | |a Sergi, Bruno S. | |